| 000 | 00547nam a2200169 i 4500 | ||
|---|---|---|---|
| 001 | 37994 | ||
| 003 | ES-MaACL | ||
| 005 | 20250902063051.0 | ||
| 007 | t| | ||
| 008 | 030224s1915 sp ||||1| spa d | ||
| 100 | 1 |
_aCabanillas, Alfredo, _d1894-1979 _933142 |
|
| 245 | 1 | 0 |
_aOcaso de sangre _b: poesÃa sentimental sobre la guerra europea / _cAlfredo Cabanillas. |
| 260 |
_aMadrid : _b[s.n.], _c1915 ( _fImp. de Tirso de Frutos) |
||
| 300 |
_a96 p. : _b1 retr. autor ; _c19 cm. |
||
| 852 |
_aES-MaACL _jT-1444-F-7 |
||
| 999 |
_c37994 _d37994 |
||